000 00530nam a2200217Ia 4500
005 20250425161215.0
008 250425s9999 xx 000 0 und d
020 _a0070528543
041 _aeng
082 _a658
100 _aRIGGS, JAMES L.
245 0 _aINDUSTRIAL ORGANIZATION AND MANAGEMENT
250 _a6TH ED.
260 _aEstados Unidos
_bMCGRAW - HILL
_c1979
260 _aNEW YORK
300 _a610
650 _aGESTION INDUSTRIAL
650 _aORGANIZACION INDUSTRIAL
942 _c01
010 _a15095
999 _c204580
_d204580